Speaking havoc (Record no. 220115)
[ view plain ]
| 000 -LEADER | |
|---|---|
| fixed length control field | 01550nam a2200397 a 4500 |
| 082 04 - DEWEY DECIMAL CLASSIFICATION NUMBER | |
| Classification number | 809/.933556 |
| 100 1# - MAIN ENTRY--AUTHOR NAME | |
| Personal name | Nagappan, Ramu. |
| 245 10 - TITLE STATEMENT | |
| Title | Speaking havoc |
| 260 ## - PUBLICATION, DISTRIBUTION, ETC. (IMPRINT) | |
| Place of publication | Seattle : |
| Name of publisher | University of Washington Press, |
| Year of publication | c2005. |
| 300 ## - PHYSICAL DESCRIPTION | |
| Number of Pages | viii, 246 p. : |
| Other physical details | ill. |
| 490 1# - SERIES STATEMENT | |
| Series statement | Literary conjugations |
| 650 #0 - SUBJECT ADDED ENTRY--TOPICAL TERM | |
| Topical Term | South Asian literature |
| Topical Term | Motion pictures |
| Topical Term | Suffering in literature. |
| Topical Term | Communalism in literature. |
| Topical Term | Suffering in motion pictures. |
| 856 40 - ELECTRONIC LOCATION AND ACCESS | |
| Uniform Resource Identifier | http://site.ebrary.com/lib/rucke/Doc?id=10513577 |
No items available.
